| 000 | 00456nam a2200169Ia 4500 | ||
|---|---|---|---|
| 005 | 20250624025736.0 | ||
| 008 | 240331s9999 xx 000 0 und d | ||
| 020 | _a9559102958 | ||
| 082 |
_a328 _bUYA |
||
| 100 | _aUyangoda.J, Perera.R | ||
| 245 | 0 | _aPrajathanthravadaya Kumakda? Kageda? Ka Sandahada? Kumatada | |
| 250 | _a2nd Revised | ||
| 260 |
_aColombo _bSocial Scientist Association _c2010 |
||
| 300 | _a35 p ., | ||
| 650 | _aDemocracy | ||
| 942 | _cL | ||
| 999 |
_c5794 _d5794 |
||